European Democracies in 1939 - Statistics

General Stats
  • This quiz has been taken 251 times
  • The average score is 12 of 16
Answer Stats
Country % Correct
United Kingdom
98%
France
94%
Sweden
94%
Norway
93%
Finland
91%
Denmark
90%
Netherlands
89%
Belgium
86%
Ireland
83%
Switzerland
81%
Luxembourg
78%
Andorra
64%
Liechtenstein
55%
Yugoslavia
53%
Estonia
50%
Hungary
47%
No matching quizzes found
Score Distribution
Percent of People with Each Score
Percentile by Number Answered
Your Score History
You have not taken this quiz